| 000 | 00364nam a2200121Ia 4500 | ||
|---|---|---|---|
| 008 | 180305s9999 xx 000 0 und d | ||
| 020 | _a9781305500372 | ||
| 100 | _aCiampa, Mark | ||
| 245 |
_cMark Ciampa _aSecurity Awareness: _bApplying Practical Security in your World |
||
| 250 | _a5th ed. | ||
| 260 |
_aAustralia _bCengage Learning _c2017 |
||
| 300 | _av, 229 Pages | ||
| 999 |
_c356077 _d356077 |
||